MDQL
is popping MORE tags! Check the
thread
!
Quizzes
Events
Quiz Creation
Community
Videos
Private Events
Remove Ads
Sign In
Join for FREE
Feedback
Dark Mode
Quiz Categories
Sports
Geography
Music
Movies
Television
Just For Fun
Miscellaneous
History
Literature
Language
Science
Gaming
Entertainment
Religion
Holiday
For Kids
Quiz Lab
Recent
Popular Today
Quiz Kudos Today
Editor Picks
Curator Picks
Quizzes by...
Day
Popularity
Type
Ratings
Length
Year
Community
Subscriptions
Recent Discussions
Orange Saloon
Badges
Playlists
Quests
Create
Leaderboards
Showdown
Live 5
Trivia Bingo
Activity
Puzzle Library
Sporcle Events
Private Events
Virtual Trivia
Globe League
Become a Host
Pub Owners
SporcleCon
Opinionation
Our Games
Videos
Blog
Mobile Apps
Partnerships
Remove Ads and Go Orange
Feedback
Sports
Athletes
MLB
NBA
NHL
NFL
Soccer
Sports Teams
WWE
NCAA
Football
Premier League
Basketball
Baseball
Hockey
Golf
Tennis
Cricket
Rugby
Auto Racing
Olympics
World Cup
Sports
Athletes
MLB
NBA
NHL
NFL
Soccer
Sports Teams
WWE
NCAA
Football
Premier League
Basketball
Baseball
Hockey
Golf
Tennis
Cricket
Rugby
Auto Racing
Olympics
World Cup
Random Quiz
Search Sporcle
×
Quiz Lab
Quiz Lab
Sports
Nation
Type in answers that appear in a list
Type in answers that appear in a list
Classic
Best Score? Go Orange.
Word Cup Soccer Nations (2014 Brazil) Stats
Can you name the nations that participate in the FIFA Word Cup in Brazil (2014)?
By
Frederik_M
6m
32 Questions
418 Plays
418 Plays
418 Plays
Comments
Comments
Give Quiz Kudos
Give Quiz Kudos
-
- Ratings
hide this ad
Replay
Link that replays current quiz
Next Quiz
Link to next quiz in quiz playlist
You Got
0%
They Got
Avg Score
79%
Avg Friend Score
Upgrade to see
Score Distribution
Jump to the score distribution portion of the page
Score
0/32
Timer
06:00
0
Plays Today
Hint
Answer
% Correct
Group A
Brazil
97.4%
Group G
Germany
96.2%
Group F
Argentina
94.7%
Group B
Spain
93.8%
Group D
Italy
91.8%
Group D
England
90.9%
Group E
France
90.6%
Group G
Portugal
90.1%
Group D
Uruguay
87.3%
Group B
Netherlands
87%
Group A
Mexico
86.5%
Group C
Japan
85.8%
Group G
United States
85.6%
Group B
Chile
83.7%
Group H
Belgium
82.9%
Group B
Australia
82.5%
Hint
Answer
% Correct
Group A
Croatia
80.3%
Group C
Colombia
79.6%
Group D
Costa Rica
78.6%
Group H
Russia
78.4%
Group F
Nigeria
76.7%
Group G
Ghana
75%
Group H
Korea Republic
74.5%
Group A
Cameroon
71.9%
Group E
Switzerland
70.4%
Group F
Iran
70%
Group C
Greece
67.5%
Group C
Côte d'Ivoire
65.6%
Group H
Algeria
65.6%
Group E
Honduras
62.5%
Group E
Ecuador
58.2%
Group F
Bosnia-Herzegovina
53.6%
Quiz Playlist
Details
Report
Send in Message
Add To Playlist
Classic:
Type in answers that appear in a list
Quiz Source
Last Updated: Jun 3, 2017
Quiz Scoreboard
CHALLENGE
Sign Up to Join the Scoreboard
Show All
Scores
Hide
Comments
May contain spoilers
Recently Published
Find the 'City' Movie
by crazypaving
Movies
60s
5x2 Blitz: Bands
by SL_Kpop136
Music
30s
Colored Red Africa Blitz
by spor1
Geography
30s
More to Explore
Quiz From the Vault
Featured Blog Post
14 Easter Pick-up Lines to Find Eggs With
hide this ad
You Might Also Like...
Tags
Nation Quiz
Soccer Quiz
2014
Brazil
cup
FIFA
Today's Top Quizzes in Sports
Browse Sports
hide this ad
Today's Top Quizzes in Nation
Browse Nation
Top Contributed Quizzes in Sports
1
Les entraîneurs de l'OM et du PSG au 21e siècle
2
Les meilleurs buteurs des matchs entre le PSG et l’OM
3
Players with Multiple 50 Home Run Seasons
4
2022 World Cup Stars
5
Les joueurs passés par le PSG et l'OM
6
NBA Logic Puzzle 2.0
7
Criteria MLB: Left Handed Sluggers
8
MLB Players with Two .350 Batting Average Seasons
9
Top 10 NHL Goal Scorers of All Time
10
Who Hit More Homers?
Explore More
Trending Topics
Anime
Kpop
Harry Potter
NBA
Marvel
Disney
Crossword
Pokémon
The Office
WWE
Soccer
NFL
Country
Song
Puzzle
hide this ad
More By:
Frederik_M
Quiz
Plays
Rating
Category
Featured
Created
Northern Countries
144,440
4.73
Geography
Mar 21, 2010
The Belgium Quiz
62,631
4.50
Geography
Mar 15, 2010
Southern Countries
62,149
4.43
Geography
Mar 21, 2010
Two biggest neighboring countries
3,213
4.56
Geography
Jul 4, 2010
Westernmost Countries
741
4.33
Geography
Mar 26, 2010
Go to Creator's Profile
Score Distribution
Quiz Creator Spotlight
Frederik_M
Follow
Send a Message
Quizzes Created
-
Created Quiz Play Count
-
More By This Creator
Popular Quizzes Today
1
Colored Red Africa Blitz
2
Find the 'City' Movie
3
Find the US States - No Outlines Minefield
4
5x2 Blitz: Bands
5
The Countries of the World
6
Find the US States
7
US States
8
Find the Countries of Europe - No Outlines Minefield
More Sports Quizzes
N'Golo Kanté's Cup Final XI's
Quiz Lab
Trending Quizzes
Colored Red Europe Blitz I
Colored Red Africa Blitz II
Colored Red Europe Blitz II
Colored Red Africa Blitz III
Colored Red Europe Blitz III
Recently Updated
How Do You Spell That?
pecheneg
Godzilla Movies
pecheneg
Grab Bag: 4-10 Letters
pecheneg
2024 March Madness Bracket
pecheneg
Famous TV Couples
Peacemaker
Champions League XIs: Real Madrid
pecheneg
Largest US Cities 1790-2010
pecheneg
Rides in Walt Disney World
pecheneg
Most Oscar Losses (Acting)
pecheneg
Beyoncé Albums
pecheneg
Trending Topics
Harry Potter
Anime
NBA
Marvel
Crossword
Kpop
Disney
The Office
WWE
Country
Puzzle
Song
Soccer
Pokémon
NFL
Your Account Isn't Verified!
In order to create a playlist on Sporcle, you need to verify the email address you used during registration. Go to your
Sporcle Settings
to finish the process.
Report this User
Report this user for behavior that violates our
Community Guidelines
.
Details:
Send Report
Go to the Sporcle.com Mobile Site →
Comments